banner-ar

قصة سقوط بغداد / (Record no. 6088)

MARC details
000 -الفاتح
حقل البيانات ثابتة الطول 00752nam a2200205Ia 4500
008 - عناصر البيانات ثابتة الطول - معلومات عامة
حقل البيانات ثابتة الطول 140319s9999 xx 000 0 ara d
020 ## - الرقم الدولى المعيارى للكتب
الرقم الدولى المعيارى للكتاب 8098209977
040 ## - مصدر الفهرسة
وكالة الفهرسة الأصلية GCL /
وكالة النسخ GCL
082 04 - رقم تصنيف ديوى العشرى
رقم التصنيف 956.708
رقم المادة ا ق
100 1# - المدخل الرئيسى - إسم شخصى
الإسم الشخصى احمد منصور
245 10 - بيان العنوان
العنوان قصة سقوط بغداد /
بيان المسئوليه,etc احمد منصور
250 ## - بيان الطبعة
بيان الطبعة الاولى
260 ## - PUBLICATION, DISTRIBUTION, ETC. (IMPRINT)
تاريخ النشر أو التوزيع 2003
300 ## - الوصف المادى
التعداد 199 ص ؛
أبعاد الوعاء 24 سم
650 04 - المدخل الاضافى بالموضوع-مصطلح موضوعى
مصطلح موضوعي العراق - تاريخ - العصر الحديث - صدام حسين
650 04 - المدخل الاضافى بالموضوع-مصطلح موضوعى
مصطلح موضوعي العراق - تاريخ - العصر الحديث - احتلال الكويت ( 1990-1991 )
650 04 - المدخل الاضافى بالموضوع-مصطلح موضوعى
مصطلح موضوعي الاعتداء الامريكى على العراق
942 ## - عناصر المدخل الإضافي( كوها)
مصدر التصنيف او مخطط الترفيف Dewey Decimal Classification
Koha [default] item type كتاب
260 ## - PUBLICATION, DISTRIBUTION, ETC. (IMPRINT)
-- القاهرة :
-- المكتب المصرى الحديث ،
Holdings
حالة التراجع حالة الفقد حالة تلف ليس للاعارة المكان المؤقت الموقع الحالى تاريخ الاكتساب اجمالي اﻻعارات رقم الطلب الباركود تاريخ اخر مشاهدة تاريخ تفعيل السعر نوع وعاء كوها
        مكتبة القاهرة الكبرى مكتبة القاهرة الكبرى 03/26/2014   956.708\ا ق 12785 03/26/2014 03/26/2014 كتاب

Powered By

EGPV